000 00313nam a22001217a 4500
999 _c165955
_d165955
082 _a
_b
100 _aMarquis Curzon of Kedleston
245 _aBritish govenment in India (v.1/
_cby Marquis Curzon of Kedleston.
260 _aNew Delhi:
_bDiscovery Pub,
_c1987.
300 _a259p.
650 _a
942 _cBK